RDSI: conceptos, funcionalidad y servicios
Guardado en:
| Autores principales: | , |
|---|---|
| Formato: | Libro |
| Lenguaje: | español |
| Publicado: |
Madrid
McGraw Hill Interamericana
2001
|
| Colección: | Biblioteca Profesional
|
| Materias: | |
| Etiquetas: |
Agregar Etiqueta
Sin Etiquetas, Sea el primero en etiquetar este registro!
|
MARC
| LEADER | 00000nam a2200000 a 4500 | ||
|---|---|---|---|
| 001 | UCM9400 | ||
| 003 | CL-VaPUC | ||
| 008 | 030425e20010000SP |||||||||||||||||spa|d | ||
| 082 | 0 | 4 | |a 621.382 |b KES |2 21 |
| 100 | 0 | |a Kessler, Gary C |e author |9 475898 | |
| 700 | 0 | |a Southwick, Peter V |e author |9 475899 | |
| 245 | 1 | 0 | |a RDSI: conceptos, funcionalidad y servicios |
| 300 | |a 757 p | ||
| 942 | |c BK | ||
| 945 | |d 20030425 00:00:00 |a vberengu | ||
| 260 | |a Madrid |b McGraw Hill Interamericana |c 2001 | ||
| 650 | 7 | |a RED DIGITAL DE SERVICIOS INTEGRADOS |2 CL-VaPUC |9 475900 | |
| 650 | 7 | |a ISDN |2 CL-VaPUC |9 468245 | |
| 650 | 7 | |a SERVICIOS INTEGRADOS |2 CL-VaPUC |9 475901 | |
| 583 | |a last modification |c 20030425 00:00:00 |k Rodrigo Vera | ||
| 490 | 0 | |a Biblioteca Profesional | |
| 999 | |c 303670 |d 303668 | ||
| 952 | |0 0 |1 0 |4 0 |6 621_382000000000000_KES_2001 |7 0 |8 A |9 365147 |a BIBING |b BIBING |d 2019-11-21 |i 3899403 |l 1 |o 621.382 KES 2001 |p 3899403 |r 2025-01-20 |s 2020-07-24 |w 2019-11-21 |y BK |k EIE | ||